| 000 | 02164nam0a22003251 4500 | ||
|---|---|---|---|
| 001 | rc\3915475 | ||
| 005 | 20250610125319.0 | ||
| 021 |
_aRU _b[52-28717] |
||
| 035 | _a(NLR Aleph) 007911315 | ||
| 090 |
_a8099516 _c8099516 |
||
| 100 | _a20130415d1952 |||y0rusy50 ca | ||
| 101 | 0 | _arus | |
| 102 | _aRU | ||
| 105 | _aa z |||a| | ||
| 200 | 1 |
_aБолгарские поэты _eСтихотворения и поэмы _f[Вступ. статья Д. Маркова. с. 5-27 _gПримеч. Н. Глен _gИл.: Л. Кравченко] |
|
| 210 |
_aМосква _cГослитиздат _d1952 |
||
| 215 |
_a312 с., 6 л. ил. _d22 |
||
| 300 | _aВ вып. дан. сост.: А. Собкович и Д. Марков | ||
| 327 | 0 | _aАвторы: П. Славейков, Д. Чинтулов, Г. Раковский, Л. Каравелов, Х. Ботев, И. Вазов, К. Величков, С. Михайловский, Д. Полянов, П. Славейков, П. Яворов, Ц. Бакалов-Церковский, Д. Дебелянов, Х. Ясенов, С. Румянцев, Г. Милев, Х. Смирненский | |
| 464 | 0 |
_1701#1$aСлавейков$bП. _1701#1$aЧинтулов$bД. _1701#1$aРаковский$bГ. _1701#1$aКаравелов$bЛ. _1701#1$aБотев$bХ. _1701#1$aВазов$bИ. _1701#1$aВеличков$bК. _1701#1$aМихайловский$bС. _1701#1$aПолянов$bД. _1701#1$aСлавейков$bП. _1701#1$aЯворов$bП. _1701#1$aБакалов-Церковский$bЦ. _1701#1$aДебелянов$bД. _1701#1$aЯсенов$bХ. _1701#1$aРумянцев$bС. _1701#1$aМилев$bГ. _1701#1$aСмирненский$bХ. |
|
| 702 | 1 |
_aГлен _bН. _4212 |
|
| 702 | 1 |
_aКравченко _bЛ. _4440 |
|
| 702 | 1 |
_aСобкович _bА.С. _gАлексей Степанович _4220 |
|
| 702 | 1 |
_4220 _aМарков _bД. Ф. _cд-р филол. наук, литературоведение _f1913-1990 _gДмитрий Федорович _9229253 _3RU\NLR\AUTH\770229309 |
|
| 801 | 0 |
_aRU _bNLR _gpsbo |
|
| 801 | 1 |
_aRU _bELAR _2rusmarc |
|
| 852 |
_aNLR _jЛ60 Г-5/59 |
||
| 942 | _cBOOK | ||
| 980 | _aNB | ||